Normal view
MARC view
Entry Personal Name
001 - CONTROL NUMBER
- control field: 4599
003 - CONTROL NUMBER IDENTIFIER
- control field: OSt
005 - DATE AND TIME OF LATEST TRANSACTION
- control field: 20190422125055.0
008 - FIXED-LENGTH DATA ELEMENTS
- fixed length control field: 190422|| aca||aabn | a|a d
040 ## - CATALOGING SOURCE
- Original cataloging agency: OSt
- Transcribing agency: OSt
100 ## - HEADING--PERSONAL NAME
- Personal name: Kerala. Directorate of Scheduled Tribes Development
670 ## - SOURCE DATA FOUND
- Source citation: Work cat.: (OSt): Kerala. Directorate of Scheduled Tribes Development , Tribal sub plan, 1990-91, 1990
